KOHA-Header-6

ACCA Paper P7 Advanced Audit (Record no. 8879)

000 -LEADER
fixed length control field 00268nam a2200109Ia 4500
100 ## - MAIN ENTRY--AUTHOR NAME
Personal name BPP Publishing
245 #0 - TITLE STATEMENT
Title ACCA Paper P7 Advanced Audit
260 ## - PUBLICATION, DISTRIBUTION, ETC. (IMPRINT)
Place of publication America
Name of publisher McGraw Hill
Year of publication 1991
300 ## - PHYSICAL DESCRIPTION
Number of Pages 346
942 ## - ADDED ENTRY ELEMENTS (KOHA)
Koha item type Books
Holdings
Withdrawn status Lost status Collection code Permanent Location Current Location Shelving location Date acquired Full call number Accession Number Koha item type
      MAJU MAJU   2019-09-14 621.15 3992 Accounting

Powered by Koha